00953nam a2200217 a 450000100100000000500170001000800410002704000250006808200140009324500440010726000580015130000290020970000370023870000450027570000410032004900090036195201180037095201120048895201180060099900170071800003130720240316073905.0110617s2007 dr c 000 0 spa d aDO-SdBNPbspacBNPHU axxxxbE5600aEncuentro /cElsa Nuñez... [et. al.]. a[Santo Domingo] :bGalería Cándido Bidó,c2007. a8 p. :bretrs. ;c21 cm.12aPérez, Leopoldo,d1937-95775812aVeloz Maggiolo, Marcio,d1936-20219110412aBidó, Cándido,d1936-2011929482 aBNPD 0010718DSaGRbGRcCTd2011-06-17iLF1l0oxxxx E56p31307-30r2020-06-25te. 3w2020-06-25yLFDSZNo se presta 0010718PDaPDbPDcCTd2011-06-17iLF1l0oxxxx E56p31307-10r2020-06-25w2020-06-25yLFPDZNo se presta 0010718PDaPDbPDcCTd2011-06-17iLF1l0oxxxx E56p31307-20r2020-06-25te. 2w2020-06-25yLFPDZNo se presta c30799d30799